| 000 | 00582nam a22001577a 4500 | ||
|---|---|---|---|
| 999 |
_c534203 _d534203 |
||
| 020 | _qHard Cover. | ||
| 082 | _a620.112 | ||
| 100 | _aUllah, Shaif | ||
| 245 |
_aSynthesis and Characterizaton of MgO Nanoparticles by Modified Sonochecmical Method and their Catalytic Studies against Organosphosphates and Pesticides / _cShaif Ullah. |
||
| 260 |
_aIslamabad : _bSCME - NUST, _c2013. |
||
| 300 | _c30cm. | ||
| 942 |
_2ddc _cTHE |
||
| 650 |
_aEngergetic Material Engineering. _928350 |
||
| 700 |
_aProf. Dr. Habib Nasir. _917012 |
||